000 01023nam a2200241 i 4500
001 16423
003 ES-MaACL
005 20250921063022.0
007 t|
008 000918s1990 sp ||||1| spa d
080 _a871 Salviano de Marsella. De Gubernatione Dei 2.06
080 _a937"03"
100 1 _aBlázquez, José María,
_d1926-
_9141915
245 1 3 _aLa sociedad del Bajo Imperio en la obra de Salviano de Marsella
_b: discurso leído el día 14 de enero de 1990 en el acto de su recepción pública /
_cpor... D. José María Blázquez Martínez y contestado por... D. Antonio Blanco Freijeiro.
260 _aMadrid :
_bReal Academia de la Historia,
_c1990.
300 _a87 p. ;
_c24 cm.
600 1 4 _aSalviano (
_dca. 390-ca. 484).
_tDe gubernatione Dei.
_9172283
651 4 _aRoma-
_xHistoria-
_y284-476, Bajo Imperio.
_9161132
700 1 _aBlanco Freijeiro, Antonio.
_929252
710 2 _aReal Academia de la Historia (España)
_96309
852 _aES-MaACL
_jG-2155
999 _c16423
_d16423